000 00314nam a22001217a 4500
999 _c12008
_d12008
020 _a0-471-18041-6
082 _a338.76
100 _aJames Wallace
245 _aOverDrive
_b Bill Gates and the Race to control Cyberspace
260 _aCanada
_bJohn Wiley and Sons
_c1997
300 _axi, 307 pages
942 _cBK